|
|
|
|
| LEADER |
00000nam0a2200000 4500 |
| 001 |
254158 |
| 005 |
20231101232918.0 |
| 020 |
|
|
|a RU
|b 89-41830
|
| 035 |
|
|
|a (RuTPU)RU\TPU\book\276586
|
| 090 |
|
|
|a 254158
|
| 100 |
|
|
|a 20140319d1988 k a0rusy5003 ca
|
| 101 |
0 |
|
|a rus
|
| 102 |
|
|
|a RU
|
| 105 |
|
|
|a y z 001zy
|
| 200 |
1 |
|
|a Информационно-библиотечное обслуживание ученых
|e сборник научных трудов
|f АН СССР., Библиотека по естественным наукам ; под ред. М. В. Варфоломеевой
|
| 210 |
|
|
|a Москва
|d 1988
|
| 215 |
|
|
|a 224 с.
|c граф.
|
| 225 |
1 |
|
|a Библиотеки Академиии наук СССР и Академий наук союзных республик
|
| 320 |
|
|
|a Библиогр. в конце ст.
|
| 606 |
1 |
|
|a Библиотеки
|x Информационно-библиографическая работа
|2 stltpush
|3 (RuTPU)RU\TPU\subj\28605
|9 52122
|
| 610 |
1 |
|
|a научные библиотеки
|
| 610 |
1 |
|
|a ученые
|
| 610 |
1 |
|
|a обслуживание
|
| 610 |
1 |
|
|a информационные ресурсы
|
| 610 |
1 |
|
|a естественные науки
|
| 686 |
|
|
|a Ч735.27
|2 rubbk
|
| 702 |
|
1 |
|a Варфоломеева
|b М. В.
|g Мария Васильевна
|4 340
|
| 712 |
0 |
2 |
|a АН СССР.
|b Библиотека по естественным наукам
|
| 801 |
|
0 |
|a RU
|b RuMRKP
|c 19950417
|g psbo
|
| 801 |
|
1 |
|a RU
|b 63413507
|c 20140319
|
| 801 |
|
2 |
|a RU
|b 63413507
|c 20140514
|g RCR
|
| 942 |
|
|
|c BK
|